马来亚政府组识概况 (Record no. 46894)

000 -LEADER
fixed length control field 00409nam a22001577a 4500
003 - CONTROL NUMBER IDENTIFIER
control field MPLRDC
005 - DATE AND TIME OF LATEST TRANSACTION
control field 20220104144143.0
008 - FIXED-LENGTH DATA ELEMENTS--GENERAL INFORMATION
fixed length control field 210129b ||||| |||| 00| 0 eng d
082 ## - DEWEY DECIMAL CLASSIFICATION NUMBER
Classification number 738.6261 ZMZ c.2
100 ## - MAIN ENTRY--PERSONAL NAME
Personal name 锺敏璋编著
245 ## - TITLE STATEMENT
Title 马来亚政府组识概况
Statement of responsibility, etc.
260 ## - PUBLICATION, DISTRIBUTION, ETC.
Place of publication, distribution, etc.
Name of publisher, distributor, etc. 东南亚出版社
Date of publication, distribution, etc. 1959
300 ## - PHYSICAL DESCRIPTION
Other physical details
650 ## - SUBJECT ADDED ENTRY--TOPICAL TERM
Topical term or geographic name entry element 东南亚--马来西亚
942 ## - ADDED ENTRY ELEMENTS (KOHA)
Koha item type Book
-- 738.6261 ZMZ c.2
Holdings
Withdrawn status Lost status Source of classification or shelving scheme Damaged status Not for loan Collection code Home library Current library Shelving location Date acquired Cost, normal purchase price Total Checkouts Full call number Barcode Date last seen Date last checked out Price effective from Koha item type Public note
            Malaysian Public Library, Research and Development Centre Malaysian Public Library, Research and Development Centre   10/12/2007 2.50   738.6261 ZMZ c.2 00047053 18/03/2021 23/08/2016 18/03/2021 Book mplrdc

© 2022. Malaysian Public Library, Research and Development Centre. All Right ReservedE-mailmplrdc@help.edu.my 

Powered by Koha